Secrets of the still : a zesty history and how-to for making spirits, fragrances, curables, gasahol, and other products of the stillroom /

Bibliographic Details
Main Author: Firth, Grace
Format: Book
Language:English
Published: McLean, Va. : EPM Publications, [1983]
Subjects:

MARC

Tag First Indicator Second Indicator Subfields
LEADER 00000cam a2200000 a 4500
001 in00000019482
005 20151007053629.0
008 830803s1983 vaua b 00110 eng
010 |a  83016369  
020 |a 0914440667 
035 |a (OCoLC)09826495 
035 |9 AAB2293AM 
040 |a DLC  |c DLC  |d m/c  |d TXA  |d UtOrBLW 
049 |a TXAM  |c [A11061367] 
050 0 0 |a TP156.D5  |b F5 1983 
082 0 |a 660.2/8425  |2 19 
100 1 |a Firth, Grace. 
245 1 0 |a Secrets of the still :  |b a zesty history and how-to for making spirits, fragrances, curables, gasahol, and other products of the stillroom /  |c Grace Firth. 
264 1 |a McLean, Va. :  |b EPM Publications,  |c [1983] 
264 4 |c ©1983 
300 |a 286 pages :  |b illustrations ;  |c 24 cm. 
336 |a text  |b txt  |2 rdacontent 
337 |a unmediated  |b n  |2 rdamedia 
338 |a volume  |b nc  |2 rdacarrier 
504 |a Bibliography: pages 276-277. 
500 |a Includes index. 
650 0 |a Distillation  |x Amateurs' manuals. 
650 0 |a Fermentation  |x Amateurs' manuals. 
999 |a MARS 
999 f f |s 78797b8d-b102-33e5-8a2b-dee285e44f18  |i fbef3578-bf04-33c3-ab64-a2ec4c4db2e0  |t 0 
952 f f |p normal  |a Texas A&M University  |b College Station  |c Sterling C. Evans Library  |d Evans: Library Stacks  |t 0  |e TP156.D5 F5 1983  |h Library of Congress classification  |i unmediated -- volume  |m A14811061367 
998 f f |a TP156.D5 F5 1983  |t 0  |l Evans: Library Stacks